MARC details
| 000 -CABECERA |
| campo de control de longitud fija |
01012nam a2200289 a 4500 |
| 005 - FECHA Y HORA DE LA ÚLTIMA TRANSACCIÓN |
| campo de control |
20240806063916.0 |
| 008 - ELEMENTOS DE LONGITUD FIJA--INFORMACIÓN GENERAL |
| campo de control de longitud fija |
040629s2002 mx r 000 0 spa d |
| 020 ## - NÚMERO INTERNACIONAL NORMALIZADO PARA LIBROS |
| Número Internacional Estándar del Libro |
9685505128 |
| 035 ## - NÚMERO DE CONTROL DEL SISTEMA |
| Número de control de sistema |
UPN01000133981 |
| 049 ## - COLECCIÓN |
| Colección |
CG |
| 050 #4 - SIGNATURA TOPOGRÁFICA DE LA BIBLIOTECA DEL CONGRESO |
| Número de clasificación |
PQ7298.18 I7.2 |
| Número de documento/Ítem |
H8 |
| 100 1# - ASIENTO PRINCIPAL--NOMBRE PERSONAL |
| Nombre de persona |
Hiriart, Berta, |
| Fechas asociadas al nombre |
1950- |
| 9 (RLIN) |
32013 |
| 245 13 - MENCIÓN DE TÍTULO |
| Título |
La huelga / |
| Mención de responsabilidad, etc. |
Berta Hiriart. |
| 260 ## - PUBLICACIÓN, DISTRIBUCIÓN, ETC. |
| Lugar de publicación, distribución, etc. |
México : |
| Nombre del editor, distribuidor, etc. |
Instituto Electoral del Distrito Federal, |
| Fecha de publicación, distribución, etc. |
2002. |
| 300 ## - DESCRIPCIÓN FÍSICA |
| Extensión |
165 p. |
| 440 #0 - MENCIÓN DE SERIE/ASIENTO SECUNDARIO--TÍTULO |
| Título |
Colección de cuentos abriendo brecha ; |
| Designación de volumen o secuencia |
2 |
| 501 ## - NOTA DE "CON" |
| Nota de “Con” |
Publicado con: Unidad Lupita / Jaime Alfonso Martínez Sandoval -- Tarde o temprano iba a empezar la lluvia / M. B. Brozon -- Chimichurri / Norma Muñoz Ledo |
| 650 #2 - ASIENTO SECUNDARIO DE MATERIA - TERMINO TEMATICO |
| Término de materia o nombre geográfico como elemento de entrada |
Cuento |
| 9 (RLIN) |
3089 |
| 650 #4 - ASIENTO SECUNDARIO DE MATERIA - TERMINO TEMATICO |
| Término de materia o nombre geográfico como elemento de entrada |
Literatura mexicana |
| 9 (RLIN) |
4466 |
| 700 1# - ASIENTO SECUNDARIO--NOMBRE DE PERSONAL |
| Nombre de persona |
Martínez Sandoval, Jaime Alfonso |
| 700 1# - ASIENTO SECUNDARIO--NOMBRE DE PERSONAL |
| Nombre de persona |
Bronzon, M. B. |
| 700 1# - ASIENTO SECUNDARIO--NOMBRE DE PERSONAL |
| Nombre de persona |
Muñoz Ledo, Norma, |
| Fechas asociadas al nombre |
1967- |
| 9 (RLIN) |
29643 |
| 740 0# - ASIENTO SECUNDARIO - TÍTULOS RELACIONADOS /ANALITICOS NO CONTROLADOS |
| Título relacionado o analítico no controlado |
Unidad Lupita |
| 740 0# - ASIENTO SECUNDARIO - TÍTULOS RELACIONADOS /ANALITICOS NO CONTROLADOS |
| Título relacionado o analítico no controlado |
Tarde o temprano iba a empezar la lluvia |
| 740 0# - ASIENTO SECUNDARIO - TÍTULOS RELACIONADOS /ANALITICOS NO CONTROLADOS |
| Título relacionado o analítico no controlado |
Chimichurri |
| 905 ## - TIPO DE MATERIAL |
| Tipo de material |
Libro |